<?xml version="1.0" encoding="UTF-8"?>
<collection xmlns="http://www.loc.gov/MARC21/slim">
 <record>
  <leader>01059nam a22002537a 4500</leader>
  <controlfield tag="001">28990</controlfield>
  <controlfield tag="003">BD-DhAAL</controlfield>
  <controlfield tag="005">20150314123317.0</controlfield>
  <controlfield tag="008">150314s2014    sw            000 0 eng d</controlfield>
  <datafield tag="020" ind1=" " ind2=" ">
   <subfield code="a">9789176011508</subfield>
  </datafield>
  <datafield tag="040" ind1=" " ind2=" ">
   <subfield code="a">BD-DhAAL</subfield>
   <subfield code="c">BD-DhAAL</subfield>
  </datafield>
  <datafield tag="082" ind1="0" ind2="0">
   <subfield code="a">305.42</subfield>
  </datafield>
  <datafield tag="100" ind1="1" ind2=" ">
   <subfield code="a">Olivius, Elisabeth</subfield>
   <subfield code="9">9576</subfield>
  </datafield>
  <datafield tag="245" ind1="0" ind2="0">
   <subfield code="a">Governing Refugees through Gender Equality :</subfield>
   <subfield code="b">Care, Control, Emancipation /</subfield>
   <subfield code="c">Elisabeth Olivius.</subfield>
  </datafield>
  <datafield tag="260" ind1=" " ind2=" ">
   <subfield code="a">Sweden :</subfield>
   <subfield code="b">Umea University,</subfield>
   <subfield code="c">2014.</subfield>
  </datafield>
  <datafield tag="300" ind1=" " ind2=" ">
   <subfield code="a">xiii, 117 p. :</subfield>
   <subfield code="b">ill. ;</subfield>
   <subfield code="c">23 cm.</subfield>
  </datafield>
  <datafield tag="541" ind1=" " ind2=" ">
   <subfield code="e">28990</subfield>
  </datafield>
  <datafield tag="650" ind1=" " ind2="0">
   <subfield code="a">Feminism</subfield>
   <subfield code="9">9577</subfield>
  </datafield>
  <datafield tag="650" ind1=" " ind2="0">
   <subfield code="a">Global governance</subfield>
   <subfield code="9">9578</subfield>
  </datafield>
  <datafield tag="650" ind1=" " ind2="0">
   <subfield code="a">Gender equality</subfield>
   <subfield code="9">9579</subfield>
  </datafield>
  <datafield tag="942" ind1=" " ind2=" ">
   <subfield code="2">ddc</subfield>
   <subfield code="c">BK</subfield>
  </datafield>
  <datafield tag="999" ind1=" " ind2=" ">
   <subfield code="c">34021</subfield>
   <subfield code="d">34021</subfield>
  </datafield>
  <datafield tag="952" ind1=" " ind2=" ">
   <subfield code="0">0</subfield>
   <subfield code="1">0</subfield>
   <subfield code="2">ddc</subfield>
   <subfield code="4">0</subfield>
   <subfield code="6">305_420000000000000_OLI</subfield>
   <subfield code="7">0</subfield>
   <subfield code="9">53096</subfield>
   <subfield code="a">BRACUL</subfield>
   <subfield code="b">BRACUL</subfield>
   <subfield code="c">GEN</subfield>
   <subfield code="d">2015-03-14</subfield>
   <subfield code="e">Development Book Agency</subfield>
   <subfield code="g">1500.00</subfield>
   <subfield code="l">1</subfield>
   <subfield code="o">305.42 OLI</subfield>
   <subfield code="p">3010028990</subfield>
   <subfield code="r">2016-11-29</subfield>
   <subfield code="s">2016-11-27</subfield>
   <subfield code="t">1</subfield>
   <subfield code="w">2015-03-14</subfield>
   <subfield code="y">BK</subfield>
  </datafield>
  <datafield tag="952" ind1=" " ind2=" ">
   <subfield code="0">0</subfield>
   <subfield code="1">0</subfield>
   <subfield code="2">ddc</subfield>
   <subfield code="4">0</subfield>
   <subfield code="6">305_420000000000000_OLI</subfield>
   <subfield code="7">0</subfield>
   <subfield code="9">53097</subfield>
   <subfield code="a">BRACUL</subfield>
   <subfield code="b">BRACUL</subfield>
   <subfield code="c">GEN</subfield>
   <subfield code="d">2015-03-14</subfield>
   <subfield code="e">Development Book Agency</subfield>
   <subfield code="g">1500.00</subfield>
   <subfield code="l">0</subfield>
   <subfield code="o">305.42 OLI</subfield>
   <subfield code="p">3010028991</subfield>
   <subfield code="r">2015-03-14</subfield>
   <subfield code="t">2</subfield>
   <subfield code="w">2015-03-14</subfield>
   <subfield code="y">BK</subfield>
  </datafield>
 </record>
</collection>
